| 000 | 00580nam a22001937a 4500 | ||
|---|---|---|---|
| 001 | 00260 | ||
| 003 | DO-SdBNP | ||
| 005 | 20151217083115.0 | ||
| 008 | 151217b 1972 sp xxu||||| |||| 00| 0 spa d | ||
| 040 |
_aBPMSU _bspa _cBPMSU |
||
| 092 |
_axxxxx _bxxxxx |
||
| 245 | 1 | 0 |
_aVox : _bdiccionario abreviado ortográfico de la lengua española / _cprólogo de Joaquín Calvo-Sotelo. |
| 260 |
_aBarcelona : _bBibliograf, _c1972. |
||
| 300 |
_alx, 356 p. _c14 cm. |
||
| 700 | 1 | 2 |
_aCalvo-Sotelo, Joaquín, _epról. |
| 910 | _a00260 | ||
| 942 |
_2ddc _cBK |
||
| 956 |
_aLorenza Pérez _b10 |
||
| 999 |
_c9130 _d9130 |
||